Anagrams: CLIMATE - Statistics

General Stats
  • This quiz has been taken 127 times
  • The average score is 34 of 110
Answer Stats
ANSWERS % Correct
MAT
98%
MATE
82%
ATE
81%
CAT
77%
TAM
73%
TEA
73%
LAT
72%
LIME
70%
MIL
69%
LIT
67%
CAM
66%
LATE
64%
LAM
61%
EAT
60%
TEAM
59%
TIME
59%
ACE
57%
MAC
56%
TIL
56%
TAME
54%
MILE
53%
CAME
52%
LIMA
52%
MIC
52%
ALE
50%
CLAM
49%
MEAT
49%
AIM
48%
LAME
48%
MALE
48%
LITE
47%
MET
47%
MITE
47%
TALE
47%
TILE
46%
MAIL
45%
MEL
44%
MACE
43%
MICE
43%
TEAL
43%
AIL
40%
TIC
39%
TAIL
38%
ACT
37%
CATE
37%
LAC
37%
ICE
36%
LEA
35%
LICE
35%
MEAL
35%
CLAIM
34%
MELT
34%
LACE
32%
CLIME
31%
MALT
31%
CITE
30%
LIE
30%
CALM
29%
LET
29%
ALT
27%
CEL
24%
TALC
24%
TIE
24%
ETA
23%
AMI
20%
CLEAT
20%
META
20%
MILT
20%
ITEM
18%
TACE
18%
TEL
18%
ELM
16%
METAL
16%
EMIT
15%
CELT
14%
MAE
14%
AIT
13%
ALIT
12%
CAMEL
12%
ACME
11%
TAE
11%
EMAIL
10%
LEI
10%
MALIC
7%
MICA
7%
MALICE
5%
ALEC
4%
ALME
4%
ETIC
4%
TALI
4%
ATELIC
3%
CEIL
3%
TELA
3%
AMICE
2%
CAMLET
2%
ECLAT
2%
EMIC
2%
ILEA
2%
LAIC
2%
MELIC
2%
AMIE
1%
ILEAC
1%
MACLE
1%
MAILE
1%
METICAL
1%
TAEL
1%
TELIC
1%
TICAL
1%
LATI
0%
TELIA
0%
No matching quizzes found
Score Distribution
Percent of People with Each Score
Percentile by Number Answered
Your Score History
You have not taken this quiz